书目信息 |
| 题名: |
论武则天
|
|
| 作者: | 熊德基 著 | |
| 分册: | ||
| 出版信息: | 长春 吉林人民出版社 1979 |
|
| 页数: | 80页 | |
| 开本: | 19cm | |
| 丛书名: | 社会科学战线丛书 | |
| 单 册: | ||
| 中图分类: | C51 | |
| 科图分类: | ||
| 主题词: | 武则天称帝--研究 , 社会科学--丛书 , 社会科学--多卷书 | |
| 电子资源: | ||
| ISBN: | ||
| 000 | 00693nam2 2200277 45 | |
| 001 | 0179007721 | |
| 005 | 20040505134914.5 | |
| 010 | @dCNY0.17 | |
| 091 | @a3091.446 | |
| 100 | @a19950724d1979 em y0chiy0121 ea | |
| 101 | 0 | @achi |
| 102 | @aCN@b220000 | |
| 105 | @ay z 000yy | |
| 106 | @ar | |
| 200 | 10 | @a论武则天@Alun wu ze tian@f熊德基著 |
| 210 | @a长春@c吉林人民出版社@d1979 | |
| 215 | @a80页@d19cm | |
| 225 | 2 | @a社会科学战线丛书 |
| 410 | 0 | @120010@a社会科学战线丛书 |
| 606 | @a武则天称帝@x研究 | |
| 606 | 0 | @a社会科学@x丛书 |
| 606 | 0 | @a社会科学@x多卷书 |
| 690 | @aC51 | |
| 701 | 0 | @a熊德基@Axiong de ji@4著 |
| 801 | 0 | @aCN@bNLC@c20040505 |
| 905 | @f1@b9622@dC51@e10 | |
| 论武则天/熊德基著.-长春:吉林人民出版社,1979 |
| 80页;19cm.-(社会科学战线丛书) |
| ISBN :CNY0.17 |
| ● |
| 相关链接 |
|
|
|
|
正题名:论武则天
索取号:C51/10
 
预约/预借
| 序号 | 登录号 | 条形码 | 馆藏地/架位号 | 状态 | 备注 |
| 1 | 0009621 | 001924608 | 密集书库/ [索取号:C51/10] | 在馆 | |
| 2 | 0009622 | 001121413 | 第一样本阅览室/ [索取号:C51/10] | 在馆 |